000 01019nam a2200289Ia 4500
001 F2085
003 IT-RoPAU
008 130308s9999 xx 000 0 und d
040 _aIT-RoPAU
040 _cIT-RoPAU
041 _aITALIANO
100 _aBono Francesco
100 _gCodice Aut. SPICS: 26454
245 _a"""Arvottomat"". Sul cinema finlandese degli anni '80"
245 _bFinlandesi Probabilmente...Il Cinema di Aki e Mika Kaurismaki
250 _a1a ed.
260 _aTORINO
260 _bLindau
260 _c1998 [1° Ed.:1998 - Ed.Ling.Originale:1998]
300 _a"11 p. (prefazione: no ; testo: 11 [pagine: 49-59])"
500 _aCinema finlandese degli Anni '80: Arvottomat di A. e M. Kaurismaki (1982) segna inizio della Nouvelle vague Finlandese. Temi: voglia di Fuga, Sradicamento, ribellione dei Personaggi. Film Fine Anni '80: Storie di Violenza.
650 _aAUTORI/OPERE DEL CINEMA
650 _eCodice materia Spics: 6807
942 _cBK
957 _71
999 _c83054
_d83054
999 _g1